Yavuz Sultan Selim: "hizmetkar" (Record no. 12346)

000 -LEADER
fixed length control field 00876nmm a2200265 a 4500
001 - CONTROL NUMBER
control field ocm0001162408
003 - CONTROL NUMBER IDENTIFIER
control field TR-IsHL
005 - DATE AND TIME OF LATEST TRANSACTION
control field 20201028154012.0
008 - FIXED-LENGTH DATA ELEMENTS--GENERAL INFORMATION
fixed length control field 150709s2015 tu tur
007 - PHYSICAL DESCRIPTION FIXED FIELD--GENERAL INFORMATION
fixed length control field cr cn
020 ## - INTERNATIONAL STANDARD BOOK NUMBER
International Standard Book Number 9786058535398
035 ## - SYSTEM CONTROL NUMBER
System control number 1162408
-- (N$T)
050 04 - LIBRARY OF CONGRESS CALL NUMBER
Classification number DR504
Item number .Ç53 2015
090 04 - LOCALLY ASSIGNED LC-TYPE CALL NUMBER (OCLC); LOCAL CALL NUMBER (RLIN)
Classification number (OCLC) (R) ; Classification number, CALL (RLIN) (NR) DR504
Local cutter number (OCLC) ; Book number/undivided call number, CALL (RLIN) .Ç53 2015
100 1# - MAIN ENTRY--PERSONAL NAME
Personal name Çibir, Şaban
245 10 - TITLE STATEMENT
Title Yavuz Sultan Selim: "hizmetkar"
Medium [electronic resource] /
Statement of responsibility, etc. Şaban Çibir
260 ## - PUBLICATION, DISTRIBUTION, ETC.
Place of publication, distribution, etc. İstanbul :
Name of publisher, distributor, etc. Parola Yayınları,
Date of publication, distribution, etc. 2015
300 ## - PHYSICAL DESCRIPTION
Extent 145 p.
650 #4 - SUBJECT ADDED ENTRY--TOPICAL TERM
Topical term or geographic name entry element Tarih
650 #4 - SUBJECT ADDED ENTRY--TOPICAL TERM
Topical term or geographic name entry element History
650 #0 - SUBJECT ADDED ENTRY--TOPICAL TERM
Topical term or geographic name entry element Yavuz Sultan Selim, Türk Sultanı, 1470-1520
650 #0 - SUBJECT ADDED ENTRY--TOPICAL TERM
Topical term or geographic name entry element Selim I, Sultan of the Turks, 1470-1520
650 #7 - SUBJECT ADDED ENTRY--TOPICAL TERM
Topical term or geographic name entry element HISTORY / Middle East / Turkey & Ottoman Empire
Source of heading or term bisacsh
856 40 - ELECTRONIC LOCATION AND ACCESS
Uniform Resource Identifier <a href="http://search.ebscohost.com/login.aspx?direct=true&scope=site&db=e011xww&AN=1162408">http://search.ebscohost.com/login.aspx?direct=true&scope=site&db=e011xww&AN=1162408</a>
Holdings
Withdrawn status Lost status Source of classification or shelving scheme Damaged status Not for loan Collection code Permanent Location Current Location Date acquired Total Checkouts Full call number Barcode Date last seen Price effective from Koha item type
        Online   Kıbrıs Amerikan Üniversitesi Kütüphanesi / American University of Cyprus Kıbrıs Amerikan Üniversitesi Kütüphanesi / American University of Cyprus 28.10.2020   DR504 .Ç53 2015 1162408 28.10.2020 28.10.2020 E-Kitap
Devinim Yazılım Eğitim Danışmanlık tarafından Koha'nın orjinal sürümü uyarlanarak geliştirilip kurulmuştur.